Iggy Azalea's UK Singles Chart History - Statistics

General Stats
  • This quiz has been taken 11 times
  • The average score is 8 of 13
Answer Stats
Peak Position Song Weeks On Chart Debut Date % Correct
#5 Fancy 39 Apr 19th 2014
100%
#4 Black Widow 27 May 3rd 2014
89%
#10 Change Your Life 5 Oct 26th 2013
89%
#17 Work 13 Mar 30th 2013
78%
#16 Pretty Girls 3 Jun 27th 2015
67%
#62 Team 6 Mar 31st 2016
67%
#7 Trouble 21 Mar 21st 2015
67%
#13 Bounce 5 Jul 20th 2013
56%
#49 No Mediocre 2 Aug 30th 2014
44%
#1 Problem 29 Jul 12th 2014
44%
#82 Sally Walker 1 Mar 28th 2019
44%
#76 Started 1 May 16th 2019
44%
#44 Beat Down 2 Sep 8th 2012
33%
No matching quizzes found
Score Distribution
Percent of People with Each Score
Percentile by Number Answered
Your Score History
You have not taken this quiz